00374nam a22001217a 4500008004100000040005500041080001200096100002100108245002300129260004700152300001500199500003800214240911b |||||||| |||| 00| 0 eng d aNational Science LibrarycNational Science Library a582bK1 aLinnaeus, Caroli aMantissa plantarum aNew York: bWheldon and Wesley Ltd, c1961 axxv, 587p. aTomus VII Two parts in one volume